| 000 | 00638nam a2200169 i 4500 | ||
|---|---|---|---|
| 001 | 182812 | ||
| 003 | ES-MaACL | ||
| 005 | 20230906221722.0 | ||
| 008 | 131106s1984 sp |||| | spa d | ||
| 100 | 0 |
_aEsteva Fabregat, Claudio. _948122 |
|
| 245 | 1 | 0 |
_aEstilos éticos y contextos indígenas en la conquista de América / _cClaudio Esteva-Frabegat. |
| 260 |
_a[Barcelona : _bUniversitat, Departament d'Antropologia Cultural, _c1984?] |
||
| 300 |
_aP. 7-19 ; _c23 cm. |
||
| 595 | _aSeparata de : Comentaris d'Antropologia Cultural, num. 6. | ||
| 650 | 4 |
_aIndios de América- _xIdentidad cultural. _9153137 |
|
| 852 |
_aES-MaACL _j2329-F-24 |
||
| 999 |
_c182812 _d182812 |
||